| 000 -LEADER |
| fixed length control field |
00866nam a2200253Ia 4500 |
| 001 - CONTROL NUMBER |
| control field |
8165 |
| 003 - CONTROL NUMBER IDENTIFIER |
| control field |
GE_BSU |
| 005 - DATE AND TIME OF LATEST TRANSACTION |
| control field |
20240401110755.0 |
| 008 - FIXED-LENGTH DATA ELEMENTS--GENERAL INFORMATION |
| fixed length control field |
181216s2012||||ru |||||||||||||| ||rus|| |
| 020 ## - INTERNATIONAL STANDARD BOOK NUMBER |
| International Standard Book Number |
9785903927203 |
| 040 ## - CATALOGING SOURCE |
| Transcribing agency |
GE_BSU |
| 041 ## - LANGUAGE CODE |
| Language code of text/sound track or separate title |
rus |
| 080 ## - UNIVERSAL DECIMAL CLASSIFICATION NUMBER |
| Universal Decimal Classification number |
3(100) Г-59 |
| 245 ## - TITLE STATEMENT |
| Title |
Год планеты : |
| Remainder of title |
Ежегодник, Экономика, политика, безопасность / |
| 250 ## - EDITION STATEMENT |
| Edition statement |
Вып. 22 |
| 264 ## - PRODUCTION, PUBLICATION, DISTRIBUTION, MANUFACTURE, AND COPYRIGHT NOTICE |
| Place of production, publication, distribution, manufacture |
Москва : |
| Name of producer, publisher, distributor, manufacturer |
Идея-Пресс, |
| Date of production, publication, distribution, manufacture, or copyright notice |
2012. |
| 300 ## - PHYSICAL DESCRIPTION |
| Extent |
480 тр. ; |
| Dimensions |
21см. |
| 653 ## - INDEX TERM--UNCONTROLLED |
| keyword |
Год планеты |
| 653 ## - INDEX TERM--UNCONTROLLED |
| keyword |
Ежегодник |
| 653 ## - INDEX TERM--UNCONTROLLED |
| keyword |
Экономика |
| 653 ## - INDEX TERM--UNCONTROLLED |
| keyword |
ეკონომიკა |
| 710 ## - ADDED ENTRY--CORPORATE NAME |
| Corporate name or jurisdiction name as entry element |
Институт мировой экономики и международных отношении Россииской акад. наук |
| 9 (RLIN) |
21644 |
| 942 ## - ADDED ENTRY ELEMENTS (KOHA) |
| Koha item type |
წიგნი |
| Source of classification or shelving scheme |
|